Engelmann, Isa. Židé v Liberci. - Liberec : Kruh autorů Liberecka. - 2007 [Rezension]
| Titel: | Engelmann, Isa. Židé v Liberci. - Liberec : Kruh autorů Liberecka. - 2007 [Rezension] |
|---|---|
| Verfasser: | |
| In: |
Fontes Nissae, Band 9 (2008), Seite 229 alle Artikel anzeigen |
| Veröffentlicht: | 2008 |
| Format: | Aufsatz |
| Sprache: | Tschechisch |
X
alg: 39520540 001A $01999:12-11-16 001B $01999:09-08-21 $t17:43:12.000 001C $06050:14-11-16 $t07:18:44.000 001D $01999:12-11-16 001U $0utf8 001X $00 002@ $0Aox 003@ $0395205409 007A $0395205409 $aHEB 007T $0Herdp30994 010@ $acze 011@ $a2008 021A $aEngelmann, Isa. Židé v Liberci. - Liberec : Kruh autorů Liberecka. - 2007 [Rezension] 028A $aLaciová $dHelena 031A $d9 $h229 $j2008 039B $aIn $8--Abvc--. Fontes Nissae. - Liberec, 2000-. - ISSN 1213-5097 $x200800000090000771 $910697646X 039T $8--Aax--Engelmann, Isa. Židé v Liberci. - Liberec : Kruh autorů Liberecka, 2007. - 264 s., fot. - ISBN 978-80-239-9169-7 $939548989X 045F $a900.94371 $eDDC23BSB 045F/01 $a900 045F/03 $g4371 045T $a7,41 lok: 39520540 78 exp: 39520540 78 1 #EPN 201B/01 $026-11-17 $t04:15:24.000 201U/01 $0utf8 203@/01 $0791529584 208@/01 $a12-11-16 $be 209A/01 $a/ $f000 $x00 220C/01 $aHerkunft: Hú Av Čr Praha 244Z/01 $#Tschechien $#Tschechische Republik $#Tschechische Republik $#Tschechenland $#Tschechei Tschechien $#Česká Republika $#Czech Republic $#ČR $74303381-7 $8--Tg1--Tschechien $x01 $9086659812 244Z/01 $2Trx $#Böhmen $#Bohemia $#Czechy $8--Trx--Čechy $x02 $9391188941 244Z/01 $2Trx $#arvustused $#recenzijos $#Reviews $#recenziók $#recenzje $#recenzie $#recenze $8--Trx--Rezensionen $x03 $9391357441 247C/01 $82080>Marburg/Lahn, Herder-Institut, Forschungsbibliothek, Bibliographieportal $9336309341
| LEADER | 00000caa a22000002c 4500 | ||
|---|---|---|---|
| 001 | 395205409 | ||
| 003 | DE-603 | ||
| 005 | 20210809174312.0 | ||
| 007 | tu | ||
| 008 | 161112s2008 xx |||| | u00||u|cze c | ||
| 035 | |a (DE-599)HEB395205409 | ||
| 040 | |a DE-603 |b ger |c DE-603 |d DE-603 | ||
| 041 | |a cze | ||
| 082 | 0 | 4 | |8 1\u |a 900.94371 |q DE-101 |2 23/BSB |
| 084 | |a 7,41 |2 ssgn | ||
| 085 | |8 1\u |b 900 | ||
| 085 | |8 1\u |z 2 |s 4371 | ||
| 100 | 1 | |a Laciová, Helena | |
| 245 | 0 | 0 | |a Engelmann, Isa. Židé v Liberci. - Liberec : Kruh autorů Liberecka. - 2007 [Rezension] |
| 264 | 0 | |c 2008 | |
| 773 | 0 | 8 | |i In |t Fontes Nissae |d Liberec, 2000- |x 1213-5097 |g Band 9 (2008), Seite 229 |w (DE-603)10697646X |w (DE-600)2087527-7 |
| 787 | 0 | 8 | |i Rezension von |a Engelmann, Isa |t Židé v Liberci |d Liberec : Kruh autorů Liberecka, 2007 |h 264 s., fot |z 9788023991697 |w (DE-603)39548989X |
| 924 | 0 | |9 2080 |a (DE-603)791529584 |b DE-2080 |c HES |d d |g / | |


